000 01255nam a2200229 i 4500
001 157137
003 ES-MaACL
005 20250824090220.0
008 040810s1875 sp |||| | spa d
100 1 _aLarra y Wetoret, Luis Mariano de,
_d1830-1901
_970289
245 1 0 _aSueños de oro
_b: zarzuela fantástica de grande espectáculo, en prosa y verso, dividida en tres actos y once cuadros /
_coriginal de Luis Mariano de Larra ; música del maestro Barbieri ; decoración y maquinaria de Ferri y Busato.
250 _a4ª ed.
260 _aMadrid :
_b[s.n.],
_c1875 (
_fImp. de José Rodriguez)
300 _a101 p. ;
_c19 cm.
500 _aRepresentada en el Teatro de la Zarzuela el 21 de diciembre de 1872.
530 _aDisponible en formato digital.
596 _aEn verso de port. consta: " Los comisionados de la Galería Lírico-Dramática, titulada El Teatro, de Don Alonso Gullon ..."
700 1 _aBarbieri, Francisco A.,
_d1823-1894
_925463
852 _aES-MaACL
_jD-2486(8)
_z- Enc. hol.
_z. - Legado M. de la Fuente
_q- Falto de cub. original
_z- Enc. en un vol. facticio
856 _uhttps://bvpb.mcu.es/es/consulta/registro.do?id=577769
_zBiblioteca Virtual del Patrimonio Bibliográfico
999 _c157137
_d157137